| 000 | 00358nam a2200145Ia 4500 | ||
|---|---|---|---|
| 008 | 231019s9999 xx 000 0 und d | ||
| 020 | _a0-1234561345-6 | ||
| 082 |
_a658 _bROB -M |
||
| 100 | _aStephen P. Robbins & Mary Coulter | ||
| 245 | 0 | _aManagement GE | |
| 260 |
_aUSA _bPearson Education _c2015 |
||
| 300 | _a717 | ||
| 650 | _aManagement | ||
| 999 |
_c34509 _d34509 |
||